Nižná Slaná historická monografia obce

Bibliographic Details
Main Authors: Junger, Štefan (Author), Kanaba, Martin (Author), Vandrášik, Dušan (Author)
Other Authors: Lašut, Michal, 1979- (Photographer)
Format: Book
Language:Slovak
PhysicalDescription:151 s. fotogr. 31 cm
Published: [Vrútky] Fomi 2012
ISBN:9788097022631
Edition:2. vyd.
Subjects:

MARC

LEADER 00000nam a22000005a 4500
001 vtls010465571
003 SK-MaSNL
005 20260301174046.0
008 240314s2012 xo o g 000 0dslo
015 |a SNBA2012/11-05467 
020 |a 9788097022631  |q (viaz.) 
035 |a 19F6B77A-E755-4A6E-9D58-C28F0288212B 
035 |a urn:nbn:sk:snk-amjycm 
035 |a urn:nbn:sk:snk-am00865x 
040 |a SNK  |b slo  |c SNK  |e AACR2 
041 0 |a slo 
043 |a e-xo--- 
044 |a xo  |c SK 
072 7 |a 94(437)  |x Dejiny Česka a Slovenska  |2 konspekt 
080 |a 94(437.6)  |2 2001 
080 |a (048.8)  |2 2001 
100 1 |a Junger, Štefan  |4 aut  |9 545857 
245 1 0 |a Nižná Slaná  |b historická monografia obce  |c Štefan Junger, Martin Kanaba a Dušan Vandrášik ; [fotografie: Michal Lašut ... [et al.]] 
250 |a 2. vyd. 
260 |a [Vrútky]  |b Fomi  |c 2012 
300 |a 151 s.  |b fotogr.  |c 31 cm 
500 |a Miesto vyd. podľa ISBN 
500 |a Biogr. údaje 
504 |a Bibliogr. s. 150 
650 0 7 |a History  |2 SNKPHeng  |9 265139 
651 7 |a Nižná Slaná (Slovensko)  |2 SNKPH  |9 29467 
651 7 |a Nižná Slaná (Slovensko)  |2 SNK  |9 29467 
655 7 |a monografie  |2 SNKPH  |9 70139 
655 7 |a Monographs  |2 SNKPHeng  |9 120675 
700 1 |a Kanaba, Martin  |4 aut  |9 545858 
700 1 |a Vandrášik, Dušan  |4 aut  |9 545859 
700 1 |a Lašut, Michal,  |d 1979-  |4 pht  |9 224147 
919 |a 978-80-970226-3-1 
958 |a NB 
968 |d 93/94 
999 |c 838549  |d 840479 
952 |a SNK  |b SNK  |y PREZ  |7 0  |p 17A1055697  |o snkSB 83979  |i snk2012/22226  |8 0  |0 0  |1 0  |4 0  |d 2012-10-31  |f 1  |l 0  |r 2025-05-06 00:00:00  |w 2026-02-24 
952 |a SNK  |b SNK  |y VYP  |7 0  |p 17A1055698  |o snkSB 83979 D1  |i snk2012/22227  |8 0  |0 0  |1 0  |4 0  |d 2012-10-31  |l 0  |r 2016-06-30 00:00:00  |w 2026-02-24